Polticising democracy (Record no. 279592)

MARC details
000 -LEADER
fixed length control field 00847nam a2200277Ia 4500
003 - CONTROL NUMBER IDENTIFIER
control field OSt
005 - DATE AND TIME OF LATEST TRANSACTION
control field 20220918223839.0
008 - FIXED-LENGTH DATA ELEMENTS--GENERAL INFORMATION
fixed length control field 220917b |||||||| |||| 00| 0 eng d
037 ## - SOURCE OF ACQUISITION
Terms of availability Textual
040 ## - CATALOGING SOURCE
Original cataloging agency ARTS
Transcribing agency ARTS
Language of cataloging eng
041 ## - LANGUAGE CODE
Source of code eng
Language code of text/sound track or separate title eng
100 ## - MAIN ENTRY--PERSONAL NAME
Personal name Harriss John Ed.
9 (RLIN) 40076
245 #0 - TITLE STATEMENT
Title Polticising democracy
Remainder of title The new local politics of democratisation
260 ## - PUBLICATION, DISTRIBUTION, ETC.
Place of publication, distribution, etc. New York
Name of publisher, distributor, etc. Palgrave macmillan
Date of publication, distribution, etc. 2004
300 ## - PHYSICAL DESCRIPTION
Extent xiv, 253p
Dimensions cm.
490 ## - SERIES STATEMENT
Series statement International political economy
650 ## - SUBJECT ADDED ENTRY--TOPICAL TERM
Topical term or geographic name entry element HISTORY
700 ## - ADDED ENTRY--PERSONAL NAME
Personal name Stokke Kristian Ed.
9 (RLIN) 29163
700 ## - ADDED ENTRY--PERSONAL NAME
Personal name Tornquist Olle Ed.
9 (RLIN) 40074
942 ## - ADDED ENTRY ELEMENTS (KOHA)
Classification part V1TH,6.N, P4
Koha item type Textual
Source of classification or shelving scheme Colon Classification (CC)
Holdings
Withdrawn status Lost status Damaged status Not for loan Home library Current library Date acquired Total Checkouts Full call number Barcode Date last seen Price effective from Koha item type
        Arts Library Arts Library 2022-09-18   V1TH,6.N P4 AL1334108 2022-09-18 2022-09-18 Textual
Copyright @ Delhi University Library System